Situación de la educación en la V Región 1990
Tallennettuna:
| Aineistotyyppi: | Kirja |
|---|---|
| Kieli: | espanja |
| Julkaistu: |
Valparaíso
Secretaría Ministerial de Educación V Región
1990
|
| Aiheet: | |
| Tagit: |
Lisää tagi
Ei tageja, Lisää ensimmäinen tagi!
|
MARC
| LEADER | 00000nam a2200000 a 4500 | ||
|---|---|---|---|
| 001 | UCX1999 | ||
| 003 | CL-VaPUC | ||
| 008 | 901213e19900000CL |||||||||||||||||spa|d | ||
| 082 | 0 | 4 | |a 370.983 |b SIT |2 21 |
| 245 | 1 | 0 | |a Situación de la educación en la V Región 1990 |
| 300 | |a 79 h | ||
| 942 | |c BK | ||
| 945 | |d 19901213 00:00:00 | ||
| 260 | |a Valparaíso |b Secretaría Ministerial de Educación V Región |c 1990 | ||
| 650 | 0 | |a Educación |9 258661 | |
| 651 | 7 | |a QUINTA REGION |2 CL-VaPUC |9 316529 | |
| 651 | 7 | |a CHILE |2 CL-VaPUC |9 317740 | |
| 583 | |a last modification |c 19901213 00:00:00 |k Rodrigo Vera | ||
| 999 | |c 223112 |d 223110 | ||
| 952 | |0 0 |1 0 |4 0 |6 370_983000000000000_SIT_1990 |7 0 |8 A |9 218602 |a BIBHIS |b BIBHIS |d 2019-11-15 |i 2874083 |o 370.983 SIT 1990 |p 2874083 |r 2025-01-20 |w 2019-11-15 |y BK |k HIS | ||